Vật lí lớp 11

Wedi'i Gadw mewn:
Manylion Llyfryddiaeth
Prif Awdur: Vũ Thanh Khiết ... [et al.]
Fformat: Llyfr
Iaith:Undetermined
Cyhoeddwyd: Hà Nội Giáo dục 1997
Pynciau:
Tagiau: Ychwanegu Tag
Dim Tagiau, Byddwch y cyntaf i dagio'r cofnod hwn!
Thư viện lưu trữ: Trung tâm Học liệu Trường Đại học Cần Thơ
LEADER 00510nam a2200169Ia 4500
001 CTU_22276
008 210402s9999 xx 000 0 und d
082 |a 530.07 
082 |b V124/L11 
100 |a Vũ Thanh Khiết ... [et al.] 
245 0 |a Vật lí lớp 11 
245 0 |c Vũ Thanh Khiết ... [et al.] 
260 |a Hà Nội 
260 |b Giáo dục 
260 |c 1997 
650 |a physics - study and teaching ( secondary ) 
980 |a Trung tâm Học liệu Trường Đại học Cần Thơ